000 00841nam a2200229 i 4500
001 56392
003 ES-MaACL
007 t|
008 031008s1986 sp ||||1| spa d
020 _a84-254-1514-4
245 0 0 _aDiccionario de los símbolos /
_cbajo la dirección de Jean Chevalier ; con la colaboración de Alain Gheerbrant ; versión castellana de Manuel Silvar y Arturo Rodríguez ; adaptada y completada por José Olives Puig.
260 _aBarcelona :
_bHerder,
_c1986.
300 _a1107 p. :
_bil. ;
_c25 cm.
504 _aBibliografía.
700 0 _aChevalier, Jean,
_d1906-1993
_938414
700 1 _aGheerbrant, Alain.
_956552
700 1 _aSilvar, Manuel.
_9106418
700 1 _aRodríguez, Arturo.
_998215
700 1 _aOlives Puig, José.
_986880
852 _aES-MaACL
_jL-9590
_bR.111929
999 _c56392
_d56392